01412cam a2200349 a 450000100090000000300090000900500170001800800410003501000170007602000150009302500270010803500220013503700630015704000230022004200100024304300120025305000220026508200210028724501130030826000330042130000340045450000820048850400410057052001820061160000430079365000280083665100310086465100340089570000210092970000430095071000690099313833165BDDh-ASL20231015025805.0041109s2004 ii a b 010 0 eng  a 2004307915 a8173045488 aI-E-2004-307915; 56-91 a(DLC) 2004307915 bLibrary of Congress -- New Delhi Overseas OfficecRs995.00 aDLCcDLCdBDDh-ASL alcode aa-ii---00aDS452b.S795 200400a297.272222bSUF00aSufis, sultans, and feudal orders :bProfessor Nurul Hasan commemoration volume /cedited by Mansura Haidar. aNew Delhi :bManohar,c2004. axvi, 497 p. :bill. ;c23 cm. a"Centre of Advanced Study, Department of History, Aligarh Muslim University." aIncludes bibliographical references. aContributed articles honoring Professor Nurul S. Hasan, b. 1921, on Indian history in medieval period, during 14th to 19th century and sufism; also includes some memoirs on him.10aNurul Hasan, S.q(Saiyid),d1921-1993. 0aSufismzIndiaxHistory. 0aIndiaxHistoryy1000-1765. 0aIndiaxHistoryy19th century.1 aHaidar, Mansura.1 aNurul Hasan, S.q(Saiyid),d1921-1993.2 aAligarh Muslim University.bCentre of Advanced Study in History.